| 000 | 00496nam a22001817a 4500 | ||
|---|---|---|---|
| 005 | 20251108164012.0 | ||
| 008 | 250721s1997 xx 000 0 ara d | ||
| 082 | 1 | 4 | _a344.046/خال |
| 100 | 1 | _aالخالدي، إيناس | |
| 245 | 1 | 0 | _aالحماية القانونية للبيئة في الأردن / |
| 264 | 1 |
_aعمان : _c1997. |
|
| 300 | _a77ص | ||
| 650 | 1 | 7 | _aتشريعات البيئة |
| 650 | 1 | 7 | _aالبيئة |
| 650 | 1 | 7 | _aالأردن |
| 942 |
_2ddc _cBK |
||
| 999 |
_c1133 _d1133 |
||